[Event "Tata Steel GCT Blitz 2019"]
[Site "Kolkata"]
[Date "2019.11.26"]
[Round "18"]
[White "Vidit, Santosh Gujrathi"]
[Black "Nakamura, Hikaru"]
[Result "0-1"]
[WhiteElo "2722"]
[BlackElo "2741"]
[Annotator "TA"]
[PlyCount "150"]
[EventDate "2019.11.25"]
[EventType "tourn"]
[EventCountry "IND"]
[SourceTitle "playchess.com"]
[Source "ChessBase"]
[SourceQuality "1"]

{[%evp 9,150,27,25,25,31,15,17,23,35,14,43,38,41,38,47,38,46,0,0,0,0,0,0,0,24,1,35,-2,0,-6,0,-7,0,0,0,0,0,0,0,0,0,0,0,0,44,0,16,0,0,0,0,-13,-1,-7,-12,-8,-7,-9,0,-23,-20,-23,-24,-26,-9,-9,-10,-9,-5,-5,-6,-39,0,0,0,6,4,9,7,0,0,-2,-2,-34,-34,-72,0,-104,-99,-141,0,-82,0,0,0,0,0,0,0,0,-6,-51,-2,-33,0,0,0,0,0,-6,-6,-8,-8,-8,-5,-5,-5,-5,-5,-5,-5,-131,-106,-86,-86,-86,-86,-29969,-29975,-29975,-29976,-29975,-29977,-29981,-29982,-29982,-29983,-29983,-29984,-29984,-29985,-29986,-29987]} 1. d4 Nf6 2. c4 e6 3. Nf3 d5 4. Nc3 a6 5. cxd5 exd5 6. Bg5 {D37: Queen's Gambit Declined: 5 Bf4} Be7 (6... Be6 7. e3 Nbd7 8. Bd3 c6 9. Qb3 Qb6 10. Qxb6 Nxb6 11. Bxf6 gxf6 12. Nh4 a5 13. O-O-O Bb4 {1-0 (40) So,W (2767)-Demchenko,A (2655) Khanty-Mansiysk 2019}) 7. e3 h6 8. Bh4 {The position is equal.} c6 9. Qc2 Nbd7 10. Bd3 Nh5 11. Bxe7 Qxe7 12. O-O Nhf6 13. e4 dxe4 14. Nxe4 O-O 15. Rfe1 Qd8 $146 ({Predecessor:} 15... Nxe4 16. Rxe4 Qd6 17. Nd2 Nf6 18. Nc4 Qc7 {½-½ (31) Ojala,J-Tolonen,J Naantali 2010}) 16. Nc5 Nd5 17. a3 a5 18. Nxd7 Bxd7 19. Ne5 Be6 20. Rad1 Qf6 21. Bh7+ Kh8 22. Be4 Rfd8 23. Qc5 Kg8 24. g3 a4 25. Bg2 Bf5 26. Rd2 Qd6 27. Nc4 Qc7 {aiming for ...b6.} 28. Ne3 Nxe3 29. Rxe3 Be6 30. Qc3 Ra5 31. h4 Rb5 {Strongly threatening ...Rb3.} 32. Qc2 Qb6 33. Bf1 Rb3 34. Rxb3 Qxb3 35. Qc3 Bd5 36. Be2 Re8 (36... g6 {is more complex.} 37. f4 Qb6 38. Bd1 Qc7 39. Rh2 Bb3) 37. Qxb3 Bxb3 $11 {[%mdl 4096] Endgame KRB-KRB} 38. f3 Kf8 39. Kf2 Ke7 40. Rd3 Kf6 41. Rc3 Ke7 42. Bc4 Bxc4 43. Rxc4 {KR-KR} Ra8 44. Rb4 Ra7 45. Ke3 Kd6 46. Rc4 Ra5 47. Kd3 Rb5 (47... Kd5 $17) 48. Kc2 (48. Rxa4 $11 Rxb2 49. Rb4 Rxb4 50. axb4) 48... Rb3 49. Rc3 Rb5 ({Black should play} 49... Rxc3+ $1 50. Kxc3 g6) 50. Rc4 $1 $17 g5 ({Black should try} 50... Rf5 $1 $17 51. Rc3 g5) 51. Rxa4 $11 Rf5 52. hxg5 hxg5 53. f4 gxf4 54. gxf4 Rxf4 55. Rb4 Kc7 56. Kd3 f5 57. Rc4 Rf2 58. Kc3 Kd6 59. Rc5 Ke6 60. b4 Rf3+ 61. Kb2 Re3 62. b5 cxb5 63. Rxb5 f4 64. Kc2 f3 {And now ...f2 would win.} 65. Kd2 (65. d5+ $11 {remains equal.} Ke5 66. Rxb7) 65... f2 $17 (65... Rxa3 $6 66. Ke1 $11) 66. Rb1 {[#]} Rb3 $1 {[%cal Rb3b1][%mdl 512]} 67. Rf1 (67. Rxb3 f1=Q) 67... Kd5 $1 {[%cal Rd5e4]} ({Of course not} 67... Rxa3 $6 68. Rxf2 b5 69. Re2+ Kd5 70. Re5+ Kxd4 71. Rxb5 $11) 68. Rxf2 $2 {[%mdl 8192]} (68. Ke2 $17) 68... Rb2+ $1 {Black mates.} 69. Ke3 {[#]} Rxf2 $1 {[%mdl 64] Overworked Piece} 70. Kxf2 Kxd4 {KP-KP} 71. Kf3 b5 72. Ke2 {[#]} Kc3 $1 73. Kd1 Kb2 74. Kd2 Kxa3 75. Kc1 Ka2 {Accuracy: White = 52%, Black = 67%.} 0-1